000 00668nam a2200289Ia 4500
005 20260324150130.0
008 008 260324s9999 xx 000 0 eng d
020 _a9780203043158
037 _aEBOOK
040 _aCRL
040 _beng
040 _cCRL
041 _2eng
041 _aeng
084 _qCRL
100 _aD.A. Low
_91225369
245 0 _aLion Rampant
245 0 _bEssays in the Study of British Imperialism
260 _bTaylor and Francis
260 _c1973
365 _a
365 _b290
856 _uhttp://www.taylorfrancis.com/books/9780203043158
942 _cEBOOK
999 _c1834309
_d1834309